100 Biggest German speaking Urban areas - Statistics

General Stats
  • This quiz has been taken 135 times
  • The average score is 48 of 101
Answer Stats
# Country Population Urban Area % Correct
2 DE 4.477.300 Berlin
99%
3 DE 2.492.100 Hamburg
98%
6 DE 2.012.600 München
98%
7 DE 1.525.500 Frankfurt am Main
96%
5 AT 2.260.043 Wien
96%
4 DE 2.453.500 Köln - Bonn
95%
9 CH 1.131.860 Zürich
94%
1 DE 4.497.800 Ruhr Area
92%
15 DE 792.000 Dresden
89%
8 DE 1.362.300 Stuttgart
88%
41 AT 231.280 Salzburg
87%
17 DE 675.900 Leipzig
86%
29 CH 311.405 Bern
85%
16 DE 787.400 Hannover
85%
28 AT 352.388 Graz
82%
11 DE 904.400 Nürnberg - Erlangen
82%
10 DE 981.500 Düsseldorf
81%
44 AT 229.173 Innsbruck
81%
22 CH 420.608 Basel
79%
12 DE 899.200 Bremen
79%
13 DE 885.800 Mannheim - Ludwigshafen - Heidelberg
77%
30 DE 310.100 Kiel
76%
34 AT 273.387 Linz
75%
38 DE 242.200 Freiburg im Breisgau
72%
20 DE 538.400 Aachen
71%
51 LU 181.764 Luxemburg
68%
45 DE 220.900 Rostock
68%
25 DE 406.600 Augsburg
67%
96 CH 87.608 Biel
67%
37 DE 245.200 Lübeck
64%
21 DE 464.200 Wiesbaden - Mainz
64%
19 DE 540.900 Bielefeld - Gütersloh
63%
23 DE 408.500 Chemnitz
60%
24 DE 407.300 Karlsruhe
60%
18 DE 644.900 Saarbrücken - Neunkirchen
60%
48 DE 195.900 Erfurt
59%
40 DE 233.200 Magdeburg
58%
53 DE 178.600 Ulm
58%
32 DE 294.600 Münster
57%
82 DE 108.400 Jena
55%
81 DE 108.800 Wolfsburg
54%
36 DE 247.900 Halle (Saale)
51%
46 CH 200.623 Luzern
49%
43 DE 230.000 Regensburg
49%
60 DE 144.800 Ingolstadt
48%
76 AT 116.564 Klagenfurt
47%
33 DE 283.800 Kassel
46%
27 DE 368.200 Mönchengladbach
46%
14 DE 860.000 Wuppertal
46%
90 DE 99.900 Schwerin
45%
69 CH 128.304 St. Gallen
45%
39 DE 240.900 Braunschweig
43%
86 DE 105.800 Flensburg
43%
31 DE 297.500 Koblenz - Neuwied
43%
64 DE 136.600 Bremerhaven
42%
49 DE 195.100 Darmstadt
41%
35 DE 259.200 Osnabrück
41%
79 DE 111.400 Kaiserslautern
40%
68 DE 133.400 Trier
40%
56 DE 167.300 Paderborn
39%
70 CH 124.609 Winterthur
39%
42 DE 230.100 Oldenburg
38%
71 DE 123.300 Zwickau
38%
57 DE 162.600 Würzburg
36%
85 IT 107.025 Bozen
35%
88 DE 101.600 Cottbus
35%
83 CH 108.138 Baden - Brugg
34%
97 DE 89.800 Gera
32%
72 DE 122.500 Göttingen
32%
99 DE 87.300 Worms
31%
93 LU 93.908 Esch an der Alzette
27%
52 DE 179.700 Heilbronn
27%
92 DE 92.400 Bamberg
26%
55 AT 167.921 Bregenz
25%
54 DE 178.500 Hamm
25%
59 DE 146.100 Pforzheim
25%
58 DE 157.600 Reutlingen
24%
87 DE 105.500 Hildesheim
23%
74 CH 118.938 Zug
23%
47 DE 199.900 Siegen
22%
80 DE 108.900 Gießen
20%
26 DE 403.500 Hagen - Iserlohn
20%
100 DE 84.700 Fulda
19%
62 DE 141.100 Rosenheim
18%
84 DE 107.500 Aschaffenburg
17%
91 DE 96.700 Landshut
16%
89 DE 100.400 Lüneburg
13%
100 DE 84.700 Neumünster
13%
78 DE 114.300 Minden
12%
94 AT 90.970 Wels
12%
75 DE 117.300 Düren
11%
98 DE 88.300 Ravensburg - Weingarten
9%
77 AT 115.347 Feldkirch
7%
67 DE 135.000 Böblingen - Sindelfingen
6%
65 DE 136.500 Göppingen
6%
63 DE 140.100 Gummersbach
5%
50 DE 184.500 Herford - Bünde
4%
61 DE 141.600 Rüsselsheim am Main
4%
95 CH 97.402 Olten - Zofingen
3%
73 DE 119.900 Bad Oeynhausen - Löhne - Vlotho
2%
65 DE 136.500 Nürtingen - Kirchheim unterTeck
0%
No matching quizzes found
Score Distribution
Percent of People with Each Score
Percentile by Number Answered
Your Score History
You have not taken this quiz